| 000 | 00767nam a2200217 i 4500 | ||
|---|---|---|---|
| 001 | 58478 | ||
| 003 | ES-MaACL | ||
| 005 | 20250731012031.0 | ||
| 007 | t| | ||
| 008 | 031022s1982 sp ||||1| spa d | ||
| 100 | 1 |
_aDuret, José. _946291 |
|
| 245 | 1 | 0 |
_aEstatuto de Fuerzas Armadas _b: OTAN y España / _cJosé Duret, José Manuel Allendesalazar ; prólogo de Carlos Robles Piquer. |
| 260 |
_aMadrid : _bTecnos, _c[1982] |
||
| 300 |
_a276 p. ; _c22 cm. |
||
| 490 | 1 | _aBiblioteca Tecnos de estudios jurídicos | |
| 700 | 1 |
_aAllendesalazar, José Manuel _920020 |
|
| 700 | 1 |
_aRobles Piquer, Carlos, _d1925-2018 _997951 |
|
| 830 | 0 |
_aBiblioteca Tecnos de estudios jurídicos _9181636 |
|
| 852 |
_aES-MaACL _jL-11764 _bR.114058 |
||
| 999 |
_c58478 _d58478 |
||